|
|
|
|
| LEADER |
00000nam a22000007a 4500 |
| 005 |
20180314230451.0 |
| 007 |
cr|||| |||| |
| 008 |
180314s2010 es |||||s|||| 00||0 spa d |
| 020 |
|
|
|a 978-84-9123-374-9
|
| 035 |
|
|
|a 21062
|
| 040 |
|
|
|a vLex
|
| 090 |
|
|
|c 7476
|d 7476
|
| 100 |
1 |
|
|a Arribas Len̤, Mn̤ica
|
| 245 |
1 |
0 |
|a Tributacin̤ de las adquisiciones intracomunitarias de bienes en el impuesto sobre el valor aądido
|h [Recurso electrn̤ico] /
|c Mn̤ica Arribas Len̤, Montserrat Hermosn̕ ℓlvarez
|
| 256 |
|
|
|a Servicio en ln̕ea
|
| 260 |
|
|
|a Madrid:
|b Marcial Pons,
|c 2010
|
| 300 |
|
|
|a 1 recurso electrn̤ico
|
| 500 |
|
|
|a El rǧimen transitorio del IVA, que se implant ̤con vocacin̤ coyuntural, ha pasado a asentarse en las legislaciones internas de los Estados miembros de la Unin̤ Europea, sin que previsiblemente el principio de imposicin̤ en origen se pueda convertir en una realidad a corto plazo. El cumplimiento de este principio se ha articulado a travš de la creacin̤ de un nuevo hecho imponible conformado por las adquisiciones intracomunitarias de bienes. En esta obra se analiza su rǧimen jurd̕ico y los principales problemas que plantea su aplicacin̤. Se caracteriza por ser un sistema complejo que presenta numerosos problemas en su funcionamiento; el fraude y los supuestos de responsabilidad, la exencin̤ de las operaciones triangulares, las reglas de localizacin̤ y devengo son algunas de las cuestiones que se afrontan en sus pg̀inas. Las dificultades interpretativas son innumerables, y prueba de ello son las abundantes consultas que se plantean a la Administracin̤ Tributaria. El presente es un trabajo acadm̌ico que sigue paso a paso la realidad de las adquisiciones intracomunitarias de bienes junto a la doctrina, la jurisprudencia y los pronunciamientos de la Direccin̤ General de Tributos. Esto, junto a la permanencia del sistema transitorio y a los inconvenientes que plantea su aplicacin̤ hace de šte un libro especialmente t︢il para los profesionales del Derecho
|
| 506 |
1 |
|
|a Disponible solo en los productos indicados
|d vLex Global
|d vLex Global (Academic Edition, excluding Law Schools)
|d vLex Global (U.S. Academic Edition, Law Schools)
|d vLex Global (U.S. Academic Edition, excluding Law Schools)
|d vLex Global (Academic Edition, Law Schools)
|
| 650 |
0 |
4 |
|a Derecho Fiscal
|z Espaą
|
| 650 |
0 |
4 |
|a Derecho Tributario
|z Espaą
|
| 650 |
0 |
4 |
|a Financiero
|z Espaą
|
| 700 |
1 |
|
|a Hermosn̕ ℓlvarez, Montserrat
|
| 740 |
0 |
|
|a vLex Libros (Servicio en ln̕ea)
|
| 856 |
4 |
0 |
|u http://vlex.com/source/tributacion-de-las-adquisiciones-intracomunitarias-de-bienes-en-el-impuesto-sobre-el-valor-a-adido-21062
|z Acceso restringido
|
| 942 |
|
|
|c BOOK
|
| 999 |
0 |
|
|a Tax Law
|
| 999 |
0 |
|
|a Tax Law
|
| 999 |
0 |
|
|a Financial
|